| 000 | 01198nam a2200241Ia 4500 | ||
|---|---|---|---|
| 999 |
_c38167 _d38167 |
||
| 001 | 4157 | ||
| 003 | GE_BSU | ||
| 005 | 20190924145455.0 | ||
| 008 | 181216s1985||||ge |||||||||||||| ||geo|| | ||
| 040 | _cGE_BSU | ||
| 041 | _ageo | ||
| 080 | _a94(479.22)(084.4)+39(479.22)+633(479.22) ს–32 | ||
| 245 |
_aსაქართველოს ისტორიულ–ეთნოგრაფიული ატლასი : _bმასალები. მემინდვრეობა / _cმთ. რედ. გ. ჩიტაია. |
||
| 264 |
_aთბ. : _bმეცნიერება, _c1985. |
||
| 300 |
_a161 გვ.: _b8ფ. ილ. ; _c25სმ. |
||
| 504 | _aსტატიების ბოლოს ბიბლიოგრ. | ||
| 520 | _a რეზ. რუს. და ინგლ. | ||
| 653 | _aმემინდვრეობა | ||
| 653 | _aეთნოგრაფია | ||
| 700 |
_aჩიტაია, გ. _eრედაქტორი _94273 |
||
| 710 |
_aივ. ჯავახიშვილის სახ. ისტორიის, არქეოლოგიისა და ეთნოგრაფიის ინ-ტი. _94274 |
||
| 942 |
_cBK _2udc |
||